000 00553nam a2200145 a 4500
008 120416s1978 ||||||||||||||||| || u
050 _aHD 31 Des
100 _aMumford, Enid
245 1 0 _aDesigning organisations for satisfaction and efficiency
_cedited by Karen Legge
260 _aWestmend,Eng.:
_bGower
_c1978
350 _a0.00
650 _aORGANIZATIONS--MANAGEMENT
650 0 _aMANAGEMENT
995 _D0.00
_FCBU-MAIN LIBRARY (Kitwe)
_H1
_I18.95
_M1
_UAVAILABLE
_ZAnnex Low-Usage Collection
999 _c39801
_d39801